Luther Burbank, el mago de las plantas. (Registro nro. 18226)
[ vista simple ]
| 000 -CABECERA | |
|---|---|
| Campo de control | 00636cam a2200205 a 4500 |
| 005 - FECHA Y HORA DE LA ULTIMA TRANSACCION | |
| Campo de control | 20160316165717.0 |
| 008 - ELEMENTOS DE LONGITUD FIJA—INFORMACION GENERAL | |
| Campo de control | 160316s1955 arg r 00000 spa d |
| 040 ## - FUENTE DE CATALOGACIÓN | |
| Agencia catalogadora original | CO-BoBLA |
| Agencia transcriptora | CO-BoBLA |
| 041 0# - IDIOMA | |
| Código de idioma para texto/pista de sonido o título separado | Español |
| 082 14 - NUMERO DE CLASIFICACION DECIMAL DEWEY | |
| Número de clasificación | 599.2273 |
| Número del ítem | S87l |
| 100 1# - ASIENTO PRINCIPAL--NOMBRE PERSONAL | |
| Nombre personal | Purnell de Stone, Idella |
| 9 (RLIN) | 64252 |
| 245 10 - MENCION DE TITULO | |
| Título | Luther Burbank, el mago de las plantas. |
| 260 ## - PUBLICACION, DISTRIBUCION, ETC. (PIE DE IMPRENTA) | |
| Lugar de publicación, distribución, etc. | Buenos Aires: |
| Nombre del editor, distribuidor, etc. | Espasa, |
| Fecha de publicación, distribución, etc. | 1955. |
| 300 ## - DESCRIPCION FISICA | |
| Extensión | 139 páginas, |
| Dimensiones | 15 centímetros. |
| 490 ## - MENCION DE SERIE | |
| Mención de serie | Colección Austral |
| Designación numérica/secuencial del volumen | 1235 |
| 600 14 - ASIENTO SECUNDARIO DE MATERIA - NOMBRE PERSONAL | |
| Nombre persona | Burbank Luther. |
| Fechas asociadas con el nombre | 1849-1926 |
| 9 (RLIN) | 64253 |
| 650 1# - ASIENTO SECUNDARIO DE MATERIA - TERMINO TEMATICO | |
| Término temático o nombre geográfico como elemento de entrada | Botánicos |
| Subdivisión de forma | biografias |
| 9 (RLIN) | 64254 |
| 650 1# - ASIENTO SECUNDARIO DE MATERIA - TERMINO TEMATICO | |
| Término temático o nombre geográfico como elemento de entrada | Horticultor |
| Subdivisión de forma | biografías |
| 9 (RLIN) | 64255 |
| 942 ## - ELEMENTOS ADICIONALES (KOHA) | |
| Sistema de clasificación | Dewey Decimal Classification |
| Tipo de ítem | Libro |
| Withdrawn status | Lost status | Sistema de Clasificación | Damaged status | No para préstamo | Colección | Inventariado | Ubicación Permanente | Ubicación actual | Fecha de adquisición | Fuente de Valor | Valor | Total Checkouts | Número topográfico | Inventario / Código de Barras | Date last seen | Ejemplar | Price effective from | Forma de adquisición | Tipo de material |
|---|---|---|---|---|---|---|---|---|---|---|---|---|---|---|---|---|---|---|---|
| Dewey Decimal Classification | Fondo Ramiro Osorio Osma | Inventariado 2017 | Bogotá | Bogotá | 16/03/2016 | Amazon | 33000.00 | FRO-599.2273 S87l | 039698 | 16/03/2016 | Ej. 1 | 16/03/2016 | Libro |